Right or wrong flag? #1 - Sudden Death - Statistics

General Stats
  • This quiz has been taken 336 times
    312 since last reset
  • The average score is 5 of 20
Answers on the Grid
Answers color-coded by a green-red scale on the quiz's grid according to % correct below.
 
Answer Stats
Answer % Correct
28%
28%
28%
28%
27%
26%
26%
24%
24%
23%
23%
21%
21%
20%
20%
20%
19%
17%
16%
15%
No matching quizzes found
Score Distribution
Percent of People with Each Score
Percentile by Number Answered
Your Score History
You have not taken this quiz since the last reset